| 000 | 00400cam a2200169ua 4500 | ||
|---|---|---|---|
| 020 | _cRS. 15/- | ||
| 041 |
_aeng _h |
||
| 082 |
_a323.6 _bBRO/CI |
||
| 100 | _aD.W. Brogan, F.B.A LL.D . | ||
| 245 | _aCitizenship today | ||
| 260 |
_aColonia : _bThe university of worth press , _c1960. |
||
| 300 | _a116 ; . | ||
| 365 | _aRS. 15/- | ||
| 504 | _a | ||
| 942 | _cBK | ||
| 999 |
_c11203 _d11203 |
||